书目信息 |
| 书名: | Sun at Midnight | |
| 作者: | Rosie Thomas | |
| 分册号: | ||
| 分册名: | 出版地: | BRITAIN |
|
| 出版社: | HarperCollins Publishers Ltd | |
| 出版时间: | 2005 | |
| 页数: | 488P | |
| 开本: | 23CM | |
| 丛书名: | ||
| 中图分类号: | ||
| 科图分类号: | ||
| 其他分类号: | I561.4 | |
| 主题词: | ||
| 电子资源: | ||
| 000 | 00393nam0 2200145 450 | |
| 001 | 202012002700 | |
| 005 | 20121129161512.0 | |
| 008 | 12112901s | |
| 020 | @a9780007173525@c$6.99 | |
| 099 | @dI561.4@eR819 | |
| 245 | 10 | @aSun at Midnight@cRosie Thomas |
| 260 | 0 | @aBRITAIN@bHarperCollins Publishers Ltd@c2005 |
| 300 | @a488P@c23CM | |
| 905 | @b13419-20 | |
| 905 | @aTSG@dI561.4@eR819 | |
| Sun at Midnight / Rosie Thomas.-BRITAIN : HarperCollins Publishers Ltd , 2005 |
| 488P ; 23CM |
| ISBN 9780007173525$6.99 |
| ● |
| 相关链接 |
|
|
|
正题名:Sun at Midnight
索取号:I561.4/R819
 
预约/预借
| 序号 | 登录号 | 条形码 | 馆藏地/架位号 | 状态 | 备注 |
| 1 | 13419 | 300134192 | 文学库116/400A自科库 17排1列3层/ [索取号:I561.4/R819] | 在馆 | |
| 2 | 13420 | 300134209 | 文学库116/400A自科库 17排1列3层/ [索取号:I561.4/R819] | 在馆 |